Un camino para dos /

Breve comentario de cómo se fue manifestando la enfermedad. El SIDA en la Argentina. Transmisión. Los jóvenes y el SIDA. La sangre y la vía sexual. Drogadicción y otras enfermedades sociales que propician la infección.

Guardado en:
Autor Principal: Miroli, Alfredo
Formato: Deslizar
Materias:
Etiquetas: Agregar Etiqueta
Sin Etiquetas, Sea el primero en etiquetar este registro!
LEADER 01017ngm a22002775g 4500
001 CEM.cems021469
008 130507b1992##################0###0#####d
005 20240826151413.0
245 1 0 |a Un camino para dos /  |c Alfredo Miroli. 
300 |a 27 
500 |a En soporte VHS, consultar en ventanilla. 
538 |a Soporte: VHS - Norma: Pal N - Color - Grabación Drd 1992 - Hitachi=4620 
520 |a Breve comentario de cómo se fue manifestando la enfermedad. El SIDA en la Argentina. Transmisión. Los jóvenes y el SIDA. La sangre y la vía sexual. Drogadicción y otras enfermedades sociales que propician la infección. 
100 1 |a Miroli, Alfredo 
082 6 1 |/ TER 
653 |a INMUNOLOGIA 
653 |a SOCIOLOGIA 
653 |a SIDA 
653 |a DROGADICCION 
653 |a ENFERMEDADES 
653 |a ARGENTINA-SIDA 
653 |a ARGENTINA 
653 |a CONTAGIO 
653 |a ALFREDO MIROLI 
653 |a NIVEL SECUNDARIO 
859 |a CEMS  |b BIB. CEMS - Depto. Recursos Didacticos  |h 614  |i TER  |k DRD  |p 112.12  |t Ej.1